| 000 | 01192nmc a2200373 a 4500 | ||
|---|---|---|---|
| 003 | AR-BaBNM | ||
| 005 | 20251128205342.0 | ||
| 008 | 011101s1987 ||||||||||||||000 | spa|| | ||
| 020 | _a84-7522-635-3 | ||
| 040 | _cAR-BaBNM | ||
| 100 | 1 |
_aWallon, Henri _d1879-1962 |
|
| 245 | 1 | 0 |
_aPsicología y educación del niño _buna comprensión dialéctica del desarrollo y la educación infantil |
| 260 |
_aMadrid _bVisor _bMinisterio de Educación y Ciencia _c1987 |
||
| 300 | 0 | _a321 p. | |
| 490 | 0 |
_aAprendizaje _vv. 35 |
|
| 500 | 0 | _aContiene referencias bibliográficas en notas a pie de página | |
| 650 | 4 | _aPSICOLOGIA DE LA EDUCACION | |
| 650 | 4 | _aEDUCACION DEL NINO | |
| 650 | 4 | _aPSICOLOGIA EVOLUTIVA | |
| 650 | 4 | _aPROCESOS PSICOPEDAGOGICOS | |
| 650 | 4 | _aDESARROLLO COGNOSCITIVO | |
| 650 | 4 | _aDESARROLLO SOCIAL | |
| 650 | 4 | _aDESARROLLO DE LA PERSONALIDAD | |
| 650 | 4 | _aDESARROLLO DEL NINO | |
| 650 | 4 | _aDESARROLLO MOTOR | |
| 650 | 4 | _aPRIMERA INFANCIA | |
| 650 | 4 | _aADOLESCENCIA | |
| 650 | 4 | _aSOCIALIZACION | |
| 700 | 1 |
_aPalacios, Jesús _ecompilador |
|
| 800 | 1 |
_aAlvarez, Amelia _edirector |
|
| 800 | 1 |
_aDel Río, Pablo _edirector |
|
| 942 | _cBK | ||
| 998 | _csilvi | ||
| 999 |
_c11052 _d11052 |
||